[Event "MCRE_PF13"]
[Site "?"]
[Date "2003.??.??"]
[Round "?"]
[White "Kohler, Josef"]
[Black "Hlavica, Bretislav"]
[Result "0-1"]
[WhiteElo "2210"]
[BlackElo "2185"]
[PlyCount "20"]
[EventDate "2003.??.??"]
[EventType "corr"]
[EventRounds "2"]

1. c4 Nf6 2. Nf3 g6 3. Nc3 Bg7 4. d4 O-O 5. g3 d5 6. cxd5 Nxd5 7. Bg2 c5 8. O-O
cxd4 9. Nxd4 Nxc3 10. Nb5 Nxd1 0-1

[Event "MCRE_PF13"]
[Site "?"]
[Date "2003.??.??"]
[Round "?"]
[White "Pecka, Josef"]
[Black "Postl, Rostislav"]
[Result "1/2-1/2"]
[WhiteElo "2285"]
[BlackElo "2195"]
[PlyCount "67"]
[EventDate "2003.??.??"]
[EventType "corr"]
[EventRounds "2"]

1. e4 e5 2. f4 exf4 3. Bc4 Nf6 4. Nc3 c6 5. Bb3 d5 6. exd5 cxd5 7. Nf3 d4 8.
Qe2+ Be7 9. Qc4 O-O 10. Qxd4 Bd6 11. O-O Nc6 12. Qf2 Ng4 13. Qe2 Re8 14. Ne4
Bf5 15. d3 Na5 16. Ba4 Re7 17. h3 Bxe4 18. dxe4 Qb6+ 19. Kh1 Nf6 20. e5 Nh5 21.
Bxf4 Nxf4 22. Qd2 Rxe5 23. Qxf4 Re7 24. Qf5 Nc4 25. Ng5 g6 26. Qf6 Bc5 27. Qc3
Ne3 28. Rxf7 Rxf7 29. Nxf7 Kxf7 30. Bb3+ Ke7 31. Qg7+ Kd6 32. Qf6+ Kd7 33. Qf7+
Kd6 34. Qf6+ 1/2-1/2

[Event "MCRE_PF13"]
[Site "?"]
[Date "2003.??.??"]
[Round "?"]
[White "Thoma, Otomar"]
[Black "Postl, Rostislav"]
[Result "1/2-1/2"]
[WhiteElo "2200"]
[BlackElo "2195"]
[PlyCount "87"]
[EventDate "2003.??.??"]
[EventType "corr"]
[EventRounds "2"]

1. e4 e5 2. Nf3 Nc6 3. Bb5 a6 4. Ba4 Nf6 5. O-O Be7 6. Re1 b5 7. Bb3 d6 8. c3
O-O 9. h3 Na5 10. Bc2 c5 11. d4 Qc7 12. Nbd2 cxd4 13. cxd4 Nc6 14. Nb3 a5 15.
Be3 a4 16. Nbd2 Bd7 17. Rc1 Qb7 18. Qe2 Rfe8 19. Bd3 Rab8 20. a3 exd4 21. Nxd4
Ne5 22. Bb1 Bd8 23. N4f3 Ba5 24. Nxe5 dxe5 25. Red1 Bc6 26. b4 Bd8 27. Bc5 Be7
28. Bd3 Bxc5 29. Rxc5 Nd7 30. Rc3 Nf6 31. Rdc1 Re6 32. Nf3 Bxe4 33. Bxe4 Nxe4
34. Rc7 Qa8 35. Rd1 h6 36. Rdd7 Nd6 37. Nxe5 Qd5 38. f4 Rbe8 39. Kh2 Rf6 40.
Rc5 Qb3 41. Rc6 Qxa3 42. Rcxd6 Rxd6 43. Rxd6 Qxb4 44. Rd5 1/2-1/2

[Event "MCRE_PF13"]
[Site "?"]
[Date "2003.??.??"]
[Round "?"]
[White "Postl, Rostislav"]
[Black "Votypka, Miroslav"]
[Result "1-0"]
[WhiteElo "2195"]
[BlackElo "2250"]
[PlyCount "49"]
[EventDate "2003.??.??"]
[EventType "corr"]
[EventRounds "2"]

1. d4 Nf6 2. c4 g6 3. Nc3 d5 4. cxd5 Nxd5 5. e4 Nxc3 6. bxc3 Bg7 7. Nf3 c5 8.
Be3 Qa5 9. Qd2 Nc6 10. Rc1 cxd4 11. cxd4 Qxd2+ 12. Kxd2 O-O 13. d5 Rd8 14. Ke1
Na5 15. Bg5 Bd7 16. Bd3 Rdc8 17. Ke2 e6 18. Be3 exd5 19. exd5 b5 20. Nd2 a6 21.
Ne4 Bf5 22. f3 Nc4 23. Bxc4 bxc4 24. Rhd1 Be5 25. g3 1-0

[Event "MCRE_PF13"]
[Site "?"]
[Date "2003.??.??"]
[Round "?"]
[White "Votypka, Miroslav"]
[Black "Postl, Rostislav"]
[Result "0-1"]
[WhiteElo "2250"]
[BlackElo "2195"]
[PlyCount "52"]
[EventDate "2003.??.??"]
[EventType "corr"]
[EventRounds "2"]

1. e4 e5 2. Nf3 Nc6 3. Bb5 a6 4. Ba4 Nf6 5. O-O Be7 6. Re1 b5 7. Bb3 d6 8. c3
O-O 9. h3 Na5 10. Bc2 c5 11. d4 Qc7 12. Nbd2 cxd4 13. cxd4 Nc6 14. Nb3 a5 15.
Be3 a4 16. Nbd2 Bd7 17. Rc1 Qb7 18. Qe2 Rfe8 19. Bd3 Rab8 20. a3 exd4 21. Nxd4
Ne5 22. Bb1 Bd8 23. N4f3 Ba5 24. Nxe5 dxe5 25. Red1 Bc6 26. b4 Bb6 0-1

[Event "MCRE_PF13"]
[Site "?"]
[Date "2003.??.??"]
[Round "?"]
[White "Postl, Rostislav"]
[Black "Hlavica, Bretislav"]
[Result "1/2-1/2"]
[WhiteElo "2195"]
[BlackElo "2185"]
[PlyCount "78"]
[EventDate "2003.??.??"]
[EventType "corr"]
[EventRounds "2"]

1. d4 Nf6 2. c4 g6 3. Nc3 Bg7 4. e4 d6 5. Nf3 O-O 6. Be2 Nbd7 7. O-O c5 8. Qc2
b6 9. e5 Ne8 10. Qe4 Rb8 11. e6 fxe6 12. Qxe6+ Kh8 13. Qe4 cxd4 14. Nxd4 Nc5
15. Qh4 Bb7 16. Bg5 Bf6 17. Bxf6+ Nxf6 18. Rad1 a6 19. f4 Qd7 20. Bf3 Bxf3 21.
Rxf3 Ne6 22. Qf2 Ng7 23. Qe2 Rbe8 24. b4 Qc8 25. b5 e5 26. fxe5 dxe5 27. Nc6 e4
28. Rff1 axb5 29. cxb5 Nf5 30. Nd5 Nxd5 31. Rxd5 Qc7 32. Rdd1 Rf7 33. a3 e3 34.
a4 Rd8 35. Qb2+ Kg8 36. Qb3 Kh8 37. Qc3+ Kg8 38. Qc4 Kh8 39. Qc3+ Kg8 1/2-1/2

[Event "MCRE_PF13"]
[Site "?"]
[Date "2003.??.??"]
[Round "?"]
[White "Hlavica, Bretislav"]
[Black "Votypka, Miroslav"]
[Result "1-0"]
[WhiteElo "2185"]
[BlackElo "2250"]
[PlyCount "31"]
[EventDate "2003.??.??"]
[EventType "corr"]
[EventRounds "2"]

1. d4 Nf6 2. c4 g6 3. Nc3 d5 4. cxd5 Nxd5 5. e4 Nxc3 6. bxc3 Bg7 7. Nf3 c5 8.
Bb5+ Nc6 9. O-O cxd4 10. cxd4 O-O 11. Be3 Bg4 12. Bxc6 bxc6 13. Rc1 Qa5 14. h3
Bxf3 15. Qxf3 Qxa2 16. Rxc6 1-0

[Event "MCRE_PF13"]
[Site "?"]
[Date "2003.??.??"]
[Round "?"]
[White "Votypka, Miroslav"]
[Black "Hlavica, Bretislav"]
[Result "0-1"]
[WhiteElo "2250"]
[BlackElo "2185"]
[PlyCount "26"]
[EventDate "2003.??.??"]
[EventType "corr"]
[EventRounds "2"]

1. e4 g6 2. d4 Bg7 3. Nc3 d6 4. Be3 Nf6 5. f3 c6 6. Qd2 b5 7. Nge2 O-O 8. g4
Bb7 9. g5 Nbd7 10. h4 b4 11. Nd1 c5 12. h5 Qc7 13. hxg6 fxg6 0-1

[Event "MCRE_PF13"]
[Site "?"]
[Date "2003.??.??"]
[Round "?"]
[White "Thoma, Otomar"]
[Black "Votypka, Miroslav"]
[Result "1-0"]
[WhiteElo "2200"]
[BlackElo "2250"]
[PlyCount "37"]
[EventDate "2003.??.??"]
[EventType "corr"]
[EventRounds "2"]

1. e4 e5 2. Nf3 Nc6 3. Bb5 a6 4. Ba4 Nf6 5. O-O Be7 6. Re1 b5 7. Bb3 d6 8. c3
O-O 9. h3 Na5 10. Bc2 c5 11. d4 cxd4 12. cxd4 exd4 13. Nxd4 Re8 14. b3 Bb7 15.
Bb2 Bf8 16. Nd2 g6 17. Qf3 Bg7 18. Rad1 Rc8 19. Bb1 1-0

[Event "MCRE_PF13"]
[Site "?"]
[Date "2003.??.??"]
[Round "?"]
[White "Votypka, Miroslav"]
[Black "Thoma, Otomar"]
[Result "0-1"]
[WhiteElo "2250"]
[BlackElo "2200"]
[PlyCount "32"]
[EventDate "2003.??.??"]
[EventType "corr"]
[EventRounds "2"]

1. e4 e5 2. Nf3 Nc6 3. Bb5 a6 4. Ba4 b5 5. Bb3 Nf6 6. O-O Bb7 7. Re1 Bc5 8. c3
O-O 9. d4 Bb6 10. d5 Na5 11. Bc2 Rc8 12. Bg5 Nc4 13. Nbd2 Nxd2 14. Qxd2 h6 15.
Bh4 Qe7 16. a4 Qd6 0-1

[Event "MCRE_PF13"]
[Site "?"]
[Date "2003.??.??"]
[Round "?"]
[White "Nemecek, Pavel"]
[Black "Votypka, Miroslav"]
[Result "1-0"]
[WhiteElo "2035"]
[BlackElo "2250"]
[PlyCount "25"]
[EventDate "2003.??.??"]
[EventType "corr"]
[EventRounds "2"]

1. d4 Nf6 2. c4 g6 3. Nc3 d5 4. cxd5 Nxd5 5. e4 Nxc3 6. bxc3 Bg7 7. Nf3 c5 8.
Rb1 O-O 9. Be2 cxd4 10. cxd4 Qa5+ 11. Bd2 Qxa2 12. O-O Bg4 13. Bg5 1-0

[Event "MCRE_PF13"]
[Site "?"]
[Date "2003.??.??"]
[Round "?"]
[White "Votypka, Miroslav"]
[Black "Nemecek, Pavel"]
[Result "0-1"]
[WhiteElo "2250"]
[BlackElo "2035"]
[PlyCount "24"]
[EventDate "2003.??.??"]
[EventType "corr"]
[EventRounds "2"]

1. e4 c5 2. Nf3 Nc6 3. d4 cxd4 4. Nxd4 Nf6 5. Nc3 d6 6. Bg5 e6 7. Qd2 a6 8.
O-O-O h6 9. Be3 Bd7 10. f3 b5 11. Nxc6 Bxc6 12. Ne2 d5 0-1

[Event "MCRE_PF13"]
[Site "?"]
[Date "2003.??.??"]
[Round "?"]
[White "Votypka, Miroslav"]
[Black "Paulik, Vaclav"]
[Result "0-1"]
[WhiteElo "2250"]
[BlackElo "2175"]
[PlyCount "32"]
[EventDate "2003.??.??"]
[EventType "corr"]
[EventRounds "2"]

1. e4 c5 2. Nf3 Nc6 3. d4 cxd4 4. Nxd4 Nf6 5. Nc3 e5 6. Ndb5 d6 7. Bg5 a6 8.
Na3 b5 9. Bxf6 gxf6 10. Nd5 f5 11. Bd3 Be6 12. O-O Bxd5 13. exd5 Ne7 14. c3 Bg7
15. Qh5 e4 16. Bc2 O-O 0-1

[Event "MCRE_PF13"]
[Site "?"]
[Date "2003.??.??"]
[Round "?"]
[White "Paulik, Vaclav"]
[Black "Votypka, Miroslav"]
[Result "1-0"]
[WhiteElo "2175"]
[BlackElo "2250"]
[PlyCount "29"]
[EventDate "2003.??.??"]
[EventType "corr"]
[EventRounds "2"]

1. e4 e5 2. Nf3 Nc6 3. d4 exd4 4. e5 Bb4+ 5. c3 dxc3 6. bxc3 Bc5 7. Bb5 d5 8.
Nbd2 Nge7 9. Nb3 Bb6 10. O-O O-O 11. Re1 a6 12. Bd3 Bf5 13. Bxf5 Nxf5 14. Bg5
Qd7 15. c4 1-0

[Event "MCRE_PF13"]
[Site "?"]
[Date "2003.??.??"]
[Round "?"]
[White "Hlavica, Bretislav"]
[Black "Postl, Rostislav"]
[Result "0-1"]
[WhiteElo "2185"]
[BlackElo "2195"]
[PlyCount "82"]
[EventDate "2003.??.??"]
[EventType "corr"]
[EventRounds "2"]

1. d4 d5 2. c4 dxc4 3. Nf3 Nf6 4. e3 e6 5. Bxc4 c5 6. O-O a6 7. a4 Nc6 8. Nc3
Be7 9. dxc5 Qxd1 10. Rxd1 Bxc5 11. Bd2 b6 12. Ng5 Na5 13. Ba2 Bb7 14. Rac1 Rc8
15. Ne2 Nc6 16. Bc3 Nb4 17. Bb1 Ke7 18. Bxf6+ gxf6 19. Ne4 Rhg8 20. N2g3 f5 21.
Nxc5 bxc5 22. f3 Rgd8 23. Ne2 Bd5 24. Nc3 Bb3 25. Rxd8 Rxd8 26. Rf1 h5 27. Rf2
h4 28. Kf1 Bxa4 29. Bxf5 Bb5+ 30. Nxb5 axb5 31. Bc2 Ra8 32. Rd2 c4 33. Ke2 Ra1
34. f4 f5 35. Kf3 Rf1+ 36. Ke2 Rc1 37. Bd1 Nd5 38. Kf3 b4 39. Ba4 b3 40. g3 Nb6
41. Bb5 Rc2 0-1

[Event "MCRE_PF13"]
[Site "?"]
[Date "2003.??.??"]
[Round "?"]
[White "Pecka, Josef"]
[Black "Votypka, Miroslav"]
[Result "1-0"]
[WhiteElo "2285"]
[BlackElo "2250"]
[PlyCount "29"]
[EventDate "2003.??.??"]
[EventType "corr"]
[EventRounds "2"]

1. e4 e5 2. f4 exf4 3. Bc4 d5 4. Bxd5 Nf6 5. Nc3 Bb4 6. Nf3 Bxc3 7. dxc3 c6 8.
Bc4 Qxd1+ 9. Kxd1 Nh5 10. Re1 Bg4 11. Be2 Na6 12. Nd4 Bxe2+ 13. Kxe2 g5 14. g3
fxg3 15. hxg3 1-0

[Event "MCRE_PF13"]
[Site "?"]
[Date "2003.??.??"]
[Round "?"]
[White "Votypka, Miroslav"]
[Black "Pecka, Josef"]
[Result "0-1"]
[WhiteElo "2250"]
[BlackElo "2285"]
[PlyCount "28"]
[EventDate "2003.??.??"]
[EventType "corr"]
[EventRounds "2"]

1. e4 e6 2. d4 d5 3. Nc3 Bb4 4. e5 c5 5. a3 Ba5 6. b4 cxd4 7. Nb5 Bc7 8. f4 Bd7
9. Nxc7+ Qxc7 10. Nf3 Nc6 11. Bb2 Nh6 12. Bd3 a6 13. Qd2 O-O 14. O-O Rfc8 0-1

[Event "MCRE_PF13"]
[Site "?"]
[Date "2003.??.??"]
[Round "?"]
[White "Votypka, Miroslav"]
[Black "Kohler, Josef"]
[Result "0-1"]
[WhiteElo "2250"]
[BlackElo "2210"]
[PlyCount "20"]
[EventDate "2003.??.??"]
[EventType "corr"]
[EventRounds "2"]

1. e4 c5 2. Nf3 d6 3. d4 cxd4 4. Nxd4 Nf6 5. Nc3 a6 6. Be3 e6 7. f3 b5 8. g4 h6
9. Qd2 b4 10. Nce2 e5 0-1

[Event "MCRE_PF13"]
[Site "?"]
[Date "2003.??.??"]
[Round "?"]
[White "Pecka, Josef"]
[Black "Paulik, Vaclav"]
[Result "1-0"]
[WhiteElo "2285"]
[BlackElo "2175"]
[PlyCount "71"]
[EventDate "2003.??.??"]
[EventType "corr"]
[EventRounds "2"]

1. e4 c5 2. Nf3 Nc6 3. d4 cxd4 4. Nxd4 Nf6 5. Nc3 e5 6. Ndb5 d6 7. Nd5 Nxd5 8.
exd5 Nb8 9. Qf3 Be7 10. Qc3 Na6 11. Be3 O-O 12. Nxa7 Bg5 13. Nb5 Bxe3 14. Qxe3
Nb4 15. Qe4 Ra4 16. Be2 Qf6 17. O-O Bf5 18. Qc4 Rc8 19. Qb3 Bxc2 20. Rac1 Rca8
21. Rxc2 Nxc2 22. Qxc2 Rxa2 23. Bd3 h6 24. Nc7 Rd8 25. Qb3 Ra7 26. Qb4 Qg5 27.
h4 Qe7 28. Nb5 Raa8 29. h5 Kf8 30. Qe4 Qf6 31. Qh7 Ke7 32. f4 Ra4 33. g3 Rb4
34. Re1 Rxb2 35. Nc3 g5 36. hxg6 1-0

[Event "MCRE_PF13"]
[Site "?"]
[Date "2003.??.??"]
[Round "?"]
[White "Pecka, Josef"]
[Black "Hlavica, Bretislav"]
[Result "1-0"]
[WhiteElo "2285"]
[BlackElo "2185"]
[PlyCount "57"]
[EventDate "2003.??.??"]
[EventType "corr"]
[EventRounds "2"]

1. e4 g6 2. d4 Bg7 3. Nc3 d6 4. f4 Nf6 5. Nf3 O-O 6. Bd3 Nbd7 7. e5 Ne8 8. Ng5
Nb6 9. O-O c6 10. Qe1 dxe5 11. dxe5 h6 12. Nf3 Nc7 13. Qh4 e6 14. Qf2 Nbd5 15.
Ne4 Nb4 16. Rd1 Nxd3 17. Rxd3 Qe7 18. Be3 b6 19. Rad1 Nd5 20. c4 Nxe3 21. Qxe3
c5 22. b3 Rb8 23. g4 a6 24. g5 h5 25. Nf6+ Kh8 26. Nd2 Qc7 27. Nde4 Bxf6 28.
gxf6 Kh7 29. Qg3 1-0

[Event "MCRE_PF13"]
[Site "?"]
[Date "2003.??.??"]
[Round "?"]
[White "Postl, Rostislav"]
[Black "Thoma, Otomar"]
[Result "1-0"]
[WhiteElo "2195"]
[BlackElo "2200"]
[PlyCount "91"]
[EventDate "2003.??.??"]
[EventType "corr"]
[EventRounds "2"]

1. d4 Nf6 2. c4 e6 3. Nf3 d5 4. Nc3 Be7 5. Bg5 O-O 6. e3 h6 7. Bh4 b6 8. Be2
Bb7 9. Bxf6 Bxf6 10. cxd5 exd5 11. b4 c6 12. O-O a5 13. bxa5 Rxa5 14. a4 Bc8
15. Qc2 Be6 16. Rab1 Nd7 17. Rfe1 Qe7 18. Bd3 Rfa8 19. Rec1 c5 20. Bb5 Qd6 21.
e4 cxd4 22. Nxd5 Bxd5 23. exd5 Nc5 24. Bc6 Rb8 25. Re1 d3 26. Qc4 Ra7 27. Red1
Be5 28. g3 Qf6 29. Kg2 Rc8 30. Qh4 Qxh4 31. Nxh4 Rb8 32. Nf5 Kf8 33. Re1 f6 34.
f4 d2 35. Re2 Bc3 36. d6 Rd8 37. Re7 Ra5 38. Nh4 Kg8 39. d7 Nxd7 40. Rxd7 Rxd7
41. Bxd7 Kf7 42. Bb5 Ra8 43. Kf3 Rd8 44. Ke2 g5 45. Nf5 Kg6 46. Ne3 1-0

[Event "MCRE_PF13"]
[Site "?"]
[Date "2003.??.??"]
[Round "?"]
[White "Postl, Rostislav"]
[Black "Kohler, Josef"]
[Result "0-1"]
[WhiteElo "2195"]
[BlackElo "2210"]
[PlyCount "100"]
[EventDate "2003.??.??"]
[EventType "corr"]
[EventRounds "2"]

1. d4 Nf6 2. c4 e6 3. Nf3 b6 4. g3 Ba6 5. b3 Bb4+ 6. Bd2 Be7 7. Bg2 c6 8. Bc3
d5 9. Ne5 Nfd7 10. Nxd7 Nxd7 11. Nd2 O-O 12. O-O Rc8 13. e4 b5 14. Re1 dxc4 15.
bxc4 bxc4 16. Qa4 Bb5 17. Qc2 Re8 18. a4 Ba6 19. Rad1 Bf8 20. Nf1 Rb8 21. Ne3
Bb4 22. e5 Qc7 23. f4 Bxc3 24. Qxc3 Rb3 25. Qc1 Rb4 26. f5 Kh8 27. fxe6 fxe6
28. Rf1 Rxa4 29. Rf7 Kg8 30. Rdf1 c3 31. Nc4 Qd8 32. Bxc6 Rxc4 33. Rxd7 Rxc6
34. Rff7 Qxd7 35. Rxd7 Bd3 36. d5 exd5 37. Rxd5 Bf5 38. Rd6 Rcc8 39. g4 Bxg4
40. Qc2 Kh8 41. Rd5 Bf5 42. Qc1 c2 43. Kf2 Rf8 44. Ke2 Kg8 45. h4 Rf7 46. h5
Rb7 47. h6 g6 48. Qg5 Bg4+ 49. Kf2 Rf7+ 50. Kg3 c1=Q 0-1

[Event "MCRE_PF13"]
[Site "?"]
[Date "2003.??.??"]
[Round "?"]
[White "Hlavica, Bretislav"]
[Black "Paulik, Vaclav"]
[Result "0-1"]
[WhiteElo "2185"]
[BlackElo "2175"]
[PlyCount "64"]
[EventDate "2003.??.??"]
[EventType "corr"]
[EventRounds "2"]

1. d4 Nf6 2. c4 g6 3. Nc3 d5 4. cxd5 Nxd5 5. e4 Nxc3 6. bxc3 Bg7 7. Nf3 c5 8.
Bb5+ Nc6 9. O-O cxd4 10. cxd4 O-O 11. Be3 Bg4 12. Bxc6 bxc6 13. Rc1 Qa5 14. h3
Bxf3 15. Qxf3 Rfd8 16. Rfd1 Qxa2 17. Rxc6 a5 18. Rc7 Qa3 19. d5 Be5 20. Rb7 a4
21. Qg4 Rab8 22. Ra7 Ra8 23. Rb7 Rdb8 24. Rd7 Rc8 25. Bg5 Qc3 26. Bd2 Qb2 27.
Bf4 Bd4 28. Qf3 a3 29. Rxe7 Bf6 30. Be5 Bxe7 31. Bxb2 axb2 32. Qb3 Bf6 0-1

[Event "MCRE_PF13"]
[Site "?"]
[Date "2003.??.??"]
[Round "?"]
[White "Thoma, Otomar"]
[Black "Pecka, Josef"]
[Result "1/2-1/2"]
[WhiteElo "2200"]
[BlackElo "2285"]
[PlyCount "69"]
[EventDate "2003.??.??"]
[EventType "corr"]
[EventRounds "2"]

1. e4 e6 2. d4 d5 3. Nc3 Bb4 4. e5 c5 5. a3 Ba5 6. b4 cxd4 7. Qg4 Ne7 8. bxa5
dxc3 9. Qxg7 Rg8 10. Qxh7 Nbc6 11. f4 Qxa5 12. Nf3 Bd7 13. Rb1 O-O-O 14. Qd3
Nf5 15. Rg1 Kb8 16. g4 Nfe7 17. Rb5 Qc7 18. Qxc3 d4 19. Qc4 Nd5 20. Bd2 f6 21.
h4 fxe5 22. fxe5 Be8 23. h5 Rf8 24. Be2 Qg7 25. h6 Qh8 26. Qb3 b6 27. a4 Ka8
28. a5 Nxe5 29. Rxd5 exd5 30. axb6 d3 31. Qa3 Rf7 32. cxd3 Nxf3+ 33. Bxf3 Qf6
34. Rf1 Qxb6 35. Bg5 1/2-1/2

[Event "MCRE_PF13"]
[Site "?"]
[Date "2003.??.??"]
[Round "?"]
[White "Pecka, Josef"]
[Black "Thoma, Otomar"]
[Result "1/2-1/2"]
[WhiteElo "2285"]
[BlackElo "2200"]
[PlyCount "66"]
[EventDate "2003.??.??"]
[EventType "corr"]
[EventRounds "2"]

1. e4 e5 2. f4 exf4 3. Bc4 Nf6 4. Nc3 c6 5. Bb3 d5 6. exd5 cxd5 7. d4 Bd6 8.
Nge2 O-O 9. Bxf4 Bxf4 10. Nxf4 Re8+ 11. Nfe2 Qe7 12. h3 Nc6 13. Qd3 Be6 14. O-O
Rad8 15. Rae1 a6 16. Ng3 b5 17. Qd2 Qd6 18. Rxf6 Qxg3 19. Ne2 Qh4 20. Rff1 Bc8
21. c3 Na5 22. Qf4 Qxf4 23. Nxf4 Nxb3 24. axb3 Rxe1 25. Rxe1 Kf8 26. Re5 Bb7
27. b4 Re8 28. Kf2 Rxe5 29. dxe5 Ke7 30. Nd3 f6 31. b3 fxe5 32. Nxe5 Kd6 33.
Nd3 g5 1/2-1/2

[Event "MCRE_PF13"]
[Site "?"]
[Date "2003.??.??"]
[Round "?"]
[White "Postl, Rostislav"]
[Black "Nemecek, Pavel"]
[Result "1/2-1/2"]
[WhiteElo "2195"]
[BlackElo "2035"]
[PlyCount "49"]
[EventDate "2003.??.??"]
[EventType "corr"]
[EventRounds "2"]

1. d4 Nf6 2. c4 e6 3. Nf3 b6 4. g3 Bb7 5. Bg2 Be7 6. O-O O-O 7. Nc3 Ne4 8. Qc2
Nxc3 9. Qxc3 f5 10. b3 Bf6 11. Bb2 d6 12. Rad1 Qe7 13. Ne1 Bxg2 14. Nxg2 Nd7
15. Qc2 c5 16. d5 Bxb2 17. dxe6 Be5 18. exd7 Qxd7 19. e3 g6 20. Rd5 Qc6 21.
Rfd1 Rfd8 22. Qd3 Qe8 23. h3 Qe6 24. Ne1 Rd7 25. Nf3 1/2-1/2

[Event "MCRE_PF13"]
[Site "?"]
[Date "2003.??.??"]
[Round "?"]
[White "Nemecek, Pavel"]
[Black "Postl, Rostislav"]
[Result "1/2-1/2"]
[WhiteElo "2035"]
[BlackElo "2195"]
[PlyCount "48"]
[EventDate "2003.??.??"]
[EventType "corr"]
[EventRounds "2"]

1. e4 e5 2. Nf3 Nc6 3. Bc4 Nf6 4. d4 exd4 5. e5 d5 6. Bb5 Ne4 7. Nxd4 Bd7 8.
Bxc6 bxc6 9. O-O Bc5 10. Be3 Qe7 11. Re1 O-O 12. f3 Ng5 13. Qd2 f6 14. Nc3 Bb6
15. Na4 Ne6 16. Nxb6 cxb6 17. Bf2 fxe5 18. Rxe5 Qf6 19. Rae1 Nf4 20. Bg3 Ng6
21. R5e2 Rae8 22. Rxe8 Rxe8 23. Rxe8+ Bxe8 24. b4 Bd7 1/2-1/2

[Event "MCRE_PF13"]
[Site "?"]
[Date "2003.??.??"]
[Round "?"]
[White "Thoma, Otomar"]
[Black "Hlavica, Bretislav"]
[Result "1-0"]
[WhiteElo "2200"]
[BlackElo "2185"]
[PlyCount "65"]
[EventDate "2003.??.??"]
[EventType "corr"]
[EventRounds "2"]

1. e4 g6 2. d4 Bg7 3. Nf3 d6 4. Nc3 Nf6 5. Be2 O-O 6. O-O c6 7. Be3 Nbd7 8. Qd2
b5 9. a3 Bb7 10. Rad1 a5 11. e5 Ng4 12. e6 fxe6 13. Ng5 Nxe3 14. Qxe3 Bh6 15.
Qxe6+ Kg7 16. f4 Nf6 17. Bf3 Bc8 18. Bxc6 Bxg5 19. Qb3 Bxf4 20. Bxa8 Ng4 21.
Rxf4 Rxf4 22. Nxb5 e5 23. g3 Rf8 24. Bg2 Qb6 25. Rd2 Re8 26. h3 Be6 27. c4 Rc8
28. Qf3 Rxc4 29. hxg4 Qxb5 30. g5 Bf5 31. g4 Rc1+ 32. Kh2 e4 33. Qf4 1-0

[Event "MCRE_PF13"]
[Site "?"]
[Date "2003.??.??"]
[Round "?"]
[White "Paulik, Vaclav"]
[Black "Postl, Rostislav"]
[Result "0-1"]
[WhiteElo "2175"]
[BlackElo "2195"]
[PlyCount "88"]
[EventDate "2003.??.??"]
[EventType "corr"]
[EventRounds "2"]

1. e4 e5 2. Nf3 Nc6 3. Bb5 a6 4. Ba4 Nf6 5. O-O Be7 6. Re1 b5 7. Bb3 d6 8. c3
O-O 9. h3 Na5 10. Bc2 c5 11. d4 Qc7 12. Nbd2 cxd4 13. cxd4 Nc6 14. Nb3 a5 15.
Be3 a4 16. Nbd2 Bd7 17. Rc1 Qb7 18. Qe2 Rfe8 19. Bd3 Rab8 20. b3 a3 21. Bb1 Bd8
22. d5 Ne7 23. b4 Bb6 24. Rc3 Ra8 25. Bg5 Ng6 26. Nh2 Nf4 27. Qf3 N6h5 28. Rxa3
h6 29. Bh4 Rxa3 30. Qxa3 g5 31. Bg3 Qa8 32. Qxa8 Rxa8 33. Bxf4 Nxf4 34. Ng4 Kg7
35. Ne3 Ra4 36. Nc2 Nd3 37. Rf1 g4 38. hxg4 Bxg4 39. Nf3 f5 40. exf5 Nxb4 41.
Nxb4 Rxb4 42. Kh2 Rb2 43. Kg3 Bh5 44. Nh2 Be2 0-1

[Event "MCRE_PF13"]
[Site "?"]
[Date "2003.??.??"]
[Round "?"]
[White "Hlavica, Bretislav"]
[Black "Pecka, Josef"]
[Result "0-1"]
[WhiteElo "2185"]
[BlackElo "2285"]
[PlyCount "100"]
[EventDate "2003.??.??"]
[EventType "corr"]
[EventRounds "2"]

1. d4 d5 2. c4 dxc4 3. Nc3 e5 4. e3 exd4 5. exd4 Nf6 6. Bxc4 Be7 7. Nf3 O-O 8.
O-O Nc6 9. Re1 Bg4 10. d5 Nb4 11. a3 Bxf3 12. gxf3 Na6 13. Qe2 Bd6 14. Bxa6 Re8
15. Ne4 Nxe4 16. fxe4 bxa6 17. Qg4 Qf6 18. Kg2 Rab8 19. Ra2 Qe5 20. f4 Qd4 21.
Qf3 Qc4 22. b3 Rxb3 23. Qe2 Qc3 24. Rc2 Qh3+ 25. Kg1 Rb5 26. Qf2 Qb3 27. Kg2 f5
28. Rb2 Qc4 29. Rc2 Qa4 30. e5 Rxd5 31. Ree2 Bf8 32. Rxc7 Re6 33. h3 Rc6 34.
Rxc6 Qxc6 35. Qf3 Qc4 36. Re3 Rc5 37. Bd2 Rb5 38. Rd3 h6 39. Kg3 Rb2 40. Rc3
Qf7 41. Qe3 Kh7 42. Qd3 a5 43. Kf2 a4 44. Ke1 Be7 45. Kd1 Ra2 46. Bc1 Rh2 47.
Bd2 Rh1+ 48. Ke2 Bc5 49. Qf3 Rh2+ 50. Kd1 Bd4 0-1

[Event "MCRE_PF13"]
[Site "?"]
[Date "2003.??.??"]
[Round "?"]
[White "Kohler, Josef"]
[Black "Postl, Rostislav"]
[Result "1/2-1/2"]
[WhiteElo "2210"]
[BlackElo "2195"]
[PlyCount "120"]
[EventDate "2003.??.??"]
[EventType "corr"]
[EventRounds "2"]

1. c4 e5 2. Nc3 Nf6 3. g3 Bb4 4. Bg2 O-O 5. e4 Bxc3 6. bxc3 c6 7. Qb3 Na6 8.
Ba3 d6 9. Ne2 Nc5 10. Qc2 Re8 11. O-O Be6 12. d3 Qa5 13. Bb4 Qc7 14. f4 Na6 15.
Ba3 Ng4 16. Qd2 Qb6+ 17. Kh1 Qe3 18. Rad1 Qxd2 19. Rxd2 Rad8 20. Rf3 exf4 21.
gxf4 f5 22. Ng3 Nh6 23. Rf1 fxe4 24. Nxe4 Nf5 25. Re1 Nc7 26. Rde2 d5 27. cxd5
Bxd5 28. Bh3 Nd6 29. Bxd6 Rxd6 30. Bg2 Rdd8 31. Kg1 Bxe4 32. Rxe4 Rxe4 33. Bxe4
Nd5 34. Bxd5+ Rxd5 35. d4 Ra5 36. Re7 b5 37. Re6 Rxa2 38. Rxc6 a5 39. Rc8+ Kf7
40. Rc7+ Kf6 41. Rc6+ Kf5 42. Rc5+ Kxf4 43. Rxb5 a4 44. Ra5 Kf3 45. h3 h5 46.
c4 g5 47. Rxg5 Rc2 48. Rf5+ Kg3 49. Rg5+ Kh4 50. Ra5 Rxc4 51. d5 Kg3 52. Kf1
Kf3 53. Ke1 Rd4 54. h4 Rxh4 55. d6 Re4+ 56. Kd2 h4 57. Kc3 Re8 58. Rxa4 h3 59.
Rh4 Kg3 60. Rh7 Rd8 1/2-1/2

[Event "MCRE_PF13"]
[Site "?"]
[Date "2003.??.??"]
[Round "?"]
[White "Thoma, Otomar"]
[Black "Kohler, Josef"]
[Result "1/2-1/2"]
[WhiteElo "2200"]
[BlackElo "2210"]
[PlyCount "66"]
[EventDate "2003.??.??"]
[EventType "corr"]
[EventRounds "2"]

1. e4 c5 2. Nf3 Nc6 3. Bb5 g6 4. O-O Bg7 5. c3 Nf6 6. Re1 O-O 7. d4 cxd4 8.
cxd4 d5 9. e5 Ne4 10. Nc3 Nxc3 11. bxc3 Qa5 12. a4 a6 13. Bxc6 bxc6 14. Bd2 Bg4
15. h3 Bf5 16. c4 Qc7 17. cxd5 cxd5 18. Rc1 Qb7 19. a5 Rfc8 20. Qe2 Rxc1 21.
Rxc1 Rc8 22. Rxc8+ Qxc8 23. Bb4 Qb7 24. Bc5 Bh6 25. Bb6 Qc8 26. Bc5 Qb7 27. Kh2
Bf4+ 28. g3 Bh6 29. Ne1 Kh8 30. Bb6 Qc8 31. Bc5 Qb7 32. Bb6 Qc8 33. Bc5 Qb7
1/2-1/2

[Event "MCRE_PF13"]
[Site "?"]
[Date "2003.??.??"]
[Round "?"]
[White "Postl, Rostislav"]
[Black "Paulik, Vaclav"]
[Result "1/2-1/2"]
[WhiteElo "2195"]
[BlackElo "2175"]
[PlyCount "91"]
[EventDate "2003.??.??"]
[EventType "corr"]
[EventRounds "2"]

1. d4 Nf6 2. c4 g6 3. g3 d5 4. cxd5 Nxd5 5. Nc3 Bg7 6. Bg2 Nxc3 7. bxc3 c5 8.
e3 O-O 9. Ne2 Nc6 10. O-O cxd4 11. cxd4 Bf5 12. Ba3 Qd7 13. Qb3 Rfd8 14. Rac1
Rac8 15. Rc5 b6 16. Rd5 Qe8 17. Rxd8 Qxd8 18. Rc1 Na5 19. Rxc8 Qxc8 20. Qd1 e5
21. dxe5 Bxe5 22. Nd4 Bg4 23. Qd3 Bg7 24. Nb5 Be6 25. Nxa7 Qb8 26. Be7 Bxa2 27.
Qd8+ Qxd8 28. Bxd8 Nc4 29. Bd5 Kf8 30. Bxb6 Nxb6 31. Bxa2 h6 32. Kg2 Na4 33.
Nc6 Ke8 34. Bc4 Nc3 35. Kf3 Kd7 36. Nd4 Ke7 37. h4 f5 38. h5 Bxd4 39. exd4 g5
40. d5 Kd6 41. Bd3 Nxd5 42. Bxf5 Ke5 43. Bd3 Nc3 44. Bc2 Nd5 45. Ba4 Nf6 46. g4
1/2-1/2